| 000 | 00589nam a2200217Ia 4500 | ||
|---|---|---|---|
| 003 | 0100 | ||
| 008 | 130303s9999 xx 000 0 und d | ||
| 040 | _cARRUPELIB | ||
| 050 | _aBS2397.K8313 | ||
| 100 | _aKummel, Werner Georg | ||
| 245 | 4 | _aThe theology of the New Testament | |
| 245 | _baccording to its major witnesses, Jesus, Paul, John | ||
| 260 | _aNashville | ||
| 260 | _bAbingdon Pr. | ||
| 260 | _C1973 | ||
| 300 | _a350p | ||
| 650 | _bDecle, Lionel | ||
| 650 | _cAfrica, East-Description and travel | ||
| 650 | _dAfrica, Southern-descripition and travel | ||
| 942 | 0 | 0 | _01 |
| 999 |
_c31408 _d31408 |
||